000 00521nam a2200217Ia 4500
005 20241129115714.0
008 241129s9999||||xx |||||||||||||| ||und||
020 _a9789355181336
037 _aTB
040 _aSDCL
_beng
_cSDCL
041 _ahin
_2hin
084 _aO-,3N66 R2
_qSDCL
100 _aPinto Jerry
245 0 _aM aur whoom sahab
260 _aDelhi
_bVani
_c2022
300 _a9,270p
365 _aINR
_b400
650 _aHindi
942 _cTB
_hO-,3N66 R2
999 _c1231650
_d1231650